| 000 | 00561nam a22001817a 4500 | ||
|---|---|---|---|
| 005 | 20240921101836.0 | ||
| 008 | 240921b |||||||| |||| 00| 0 eng d | ||
| 020 | _a9789355648747 | ||
| 040 |
_aIN-DiNC _cIN-DiNC |
||
| 041 | _deng | ||
| 082 |
_a030 _bYAD |
||
| 100 |
_aYadav, Aniruddh _eauthor |
||
| 245 |
_aIAS Aniruddh Yadav notes for UPSC & State PSC: _bgeneral studies paper 2 (prelim & main exams)/ _cby Aniruddh Yadav |
||
| 260 |
_aNew Delhi: _bDisha publication, _cn.a. |
||
| 300 | _a384p. | ||
| 650 | _aIndian polity and constitution | ||
| 942 |
_2ddc _cBK |
||
| 999 |
_c11983 _d11983 |
||